Martin Garrix - Statistics

General Stats
  • This quiz has been taken 78 times
  • The average score is 6 of 15
Answer Stats
Hint Answer % Correct
Rank on the Dj mag top 100? first
98%
What song did he gain his fame from? Animals
67%
Who was Scared to be Lonely created with? Dua Lipa
67%
What year did he sign to spinnin'records? 2012
60%
Who did he see that gave him an interest in EDM? Tiesto
59%
His favourite food? pizza
57%
At what age did learn to play Guitar? 8
52%
Birth country? The Netherlands
35%
What song was first released on his own label? Now that i've found you
24%
His Photographer? Louis Van Baar
22%
His Birth name? Martijn Gerard Garritsen
17%
Where did he study? Herman Brood Academy
10%
Who is his manager? Scooter Braun
6%
His birthday? 14th of may
3%
where did his label name come from? his fathers stamp auctioning company
2%
No matching quizzes found
Score Distribution
Percent of People with Each Score
Percentile by Number Answered
Your Score History
You have not taken this quiz